Introducing social change (Record no. 47575)

MARC details
000 -LEADER
fixed length control field 00519nam a2200145 a 4500
008 - FIXED-LENGTH DATA ELEMENTS--GENERAL INFORMATION
fixed length control field 120416s1964 ||||||||||||||||| || u
050 ## - LIBRARY OF CONGRESS CALL NUMBER
Classification number HM 101 Are
100 ## - MAIN ENTRY--PERSONAL NAME
Personal name Arensberg, Conrad Maynadier
245 10 - TITLE STATEMENT
Title Introducing social change
246 ## - VARYING FORM OF TITLE
Title proper/short title a manual for Americans overseas
260 ## - PUBLICATION, DISTRIBUTION, ETC.
Place of publication, distribution, etc. Chicago
Name of publisher, distributor, etc. Aldine Publishing
Date of publication, distribution, etc. 1964
300 ## - PHYSICAL DESCRIPTION
Extent vii, 229p.
350 ## - PRICE (NR) (BK AM CF MU VM SE) [OBSOLETE]
Price 0.00
995 ## - RECOMMENDATION 995 [LOCAL, UNIMARC FRANCE]
-- 0.00
-- CBU-MAIN LIBRARY (Kitwe)
-- 1
-- 12.50
-- 1
-- DAMAGED
-- Main Library Open Access Collection
Holdings
Withdrawn status Lost status Source of classification or shelving scheme Damaged status Not for loan Home library Current library Shelving location Date acquired Total Checkouts Full call number Barcode Date last seen Price effective from Koha item type
          CBU-MAIN LIBRARY, KITWE. CBU-MAIN LIBRARY, KITWE.   11/30/2022   HM 101 Are 717688 11/30/2022 11/30/2022 MONOGRAPH